<?xml version="1.0" encoding="UTF-8"?>
<marc:record xmlns:marc="http://www.loc.gov/MARC21/slim">
   <marc:leader>00000nam a2200000 a 4500</marc:leader>
   <marc:datafield ind1="1" ind2=" " tag="100">
      <marc:subfield code="a">Hellmiß, Margot</marc:subfield>
      <marc:subfield code="4">aut</marc:subfield>
      <marc:subfield code="e">Verfasser/-in</marc:subfield>
   </marc:datafield>
   <marc:datafield ind1=" " ind2=" " tag="653">
      <marc:subfield code="a">Klimakterium</marc:subfield>
   </marc:datafield>
   <marc:datafield ind1=" " ind2=" " tag="653">
      <marc:subfield code="a">Phytoöstrogene</marc:subfield>
   </marc:datafield>
   <marc:datafield ind1=" " ind2=" " tag="653">
      <marc:subfield code="a">Sojaprodukt</marc:subfield>
   </marc:datafield>
   <marc:datafield ind1=" " ind2=" " tag="653">
      <marc:subfield code="a">Softcover</marc:subfield>
   </marc:datafield>
   <marc:datafield ind1=" " ind2=" " tag="653">
      <marc:subfield code="a">Karte</marc:subfield>
   </marc:datafield>
   <marc:datafield ind1=" " ind2=" " tag="653">
      <marc:subfield code="a">Körperpflege / Ratgeber Gesundheit</marc:subfield>
   </marc:datafield>
   <marc:datafield ind1=" " ind2=" " tag="653">
      <marc:subfield code="a">Ratgeber</marc:subfield>
   </marc:datafield>
   <marc:datafield ind1=" " ind2=" " tag="653">
      <marc:subfield code="a">Kochbuch</marc:subfield>
   </marc:datafield>
   <marc:datafield ind1="0" ind2="0" tag="245">
      <marc:subfield code="a">Mit Soja durch die Wechseljahre</marc:subfield>
   </marc:datafield>
   <marc:datafield ind1="0" ind2="0" tag="245">
      <marc:subfield code="b">natürliche Phyto-Östrogene gegen typische Beschwerden ; sanfte Hilfe bei Hormonstörungen</marc:subfield>
   </marc:datafield>
   <marc:datafield ind1="0" ind2="0" tag="245">
      <marc:subfield code="c">Margot Hellmiß</marc:subfield>
   </marc:datafield>
   <marc:datafield ind1=" " ind2="1" tag="264">
      <marc:subfield code="a">München</marc:subfield>
      <marc:subfield code="b">Südwest</marc:subfield>
      <marc:subfield code="c">2005</marc:subfield>
   </marc:datafield>
   <marc:datafield ind1="1" ind2=" " tag="520">
      <marc:subfield code="a">Soja - gesunde Bohnen zum Ausgleich des Hormonspiegels Die schwindende Hormonproduktion zu Beginn der Wechseljahre kann viele Beschwerden auslösen: Hitzewallungen, Schweißausbrüche, Schlafstörungen, Schwindel, Antriebsarmut - um nur einige der Begleiterscheinungen zu nennen. Dieses Buch beschreibt, wie Sie Soja als sanfte, pflanzliche und zugleich wirksame Therapiealternative zur Linderung dieser Beschwerden einsetzen können. Schon seit langer Zeit wird beobachtet, dass Frauen in Asien, wo Soja zu den Hauptnahrungsmitteln gehört, kaum unter Störungen des Hormonhaushalts leiden. Die Sojabohne enthält eine sichere Alternative zu "richtigen" Hormonen, so genannte Phytoöstrogene, die keine Nebenwirkungen mit sich bringen und zugleich einen Schutzeffekt auf Herz und Knochen ausüben. Ein ausführlicher Rezeptteil zeigt, wie Sie die Sojabohne und Sojaerzeugnisse leicht in den täglichen Speiseplan einbauen können - Genuss pur!</marc:subfield>
   </marc:datafield>
   <marc:datafield ind1=" " ind2=" " tag="020">
      <marc:subfield code="a">9783517068107</marc:subfield>
      <marc:subfield code="9">9783517068107</marc:subfield>
   </marc:datafield>
   <marc:datafield ind1=" " ind2=" " tag="020">
      <marc:subfield code="a">3517068101</marc:subfield>
      <marc:subfield code="9">3517068101</marc:subfield>
   </marc:datafield>
   <marc:datafield ind1=" " ind2=" " tag="041">
      <marc:subfield code="a">ger</marc:subfield>
   </marc:datafield>
   <marc:datafield ind1=" " ind2=" " tag="300">
      <marc:subfield code="a">96 S.</marc:subfield>
   </marc:datafield>
</marc:record>
